00368pab a2200121 454500008004000000100001800040245010500058260000900163300001500172362001000187650001500197773003400212180718b2000 xxu||||| |||| 00| 0 eng d aSingh, Jaivir aMonopolies trade practices and concentration of economic power: some conceptual problems in MRTP Act c2000 ap.4437-444 a9 Dec aMonopolies aEconomic and Political Weekly